000 00608nam a2200193 u 4500
005 20240925065706.0
008 010326s1975 mx r 000 0 eng d
035 _aUPN01000105730
049 _aF
050 4 _aQ23
_bB8.3
100 1 _aBueno Zirión, Gerardo M.
_942854
245 1 0 _aComparecencia discurso del Lic. Gerardo Bueno Zirión ante la Gran Comisión de la Camara de Diputados /
_cGerardo Bueno Zirión.
260 _aMéxico :
_bCONACYT,
_c1975.
300 _a33 p.
440 0 _aDocumentos ;
_v9
650 4 _aTecnología
_zMéxico
_914373
650 2 _aCiencia
_zMéxico
_98626
905 _aLibro
999 _c79643
_d79643